Normal view MARC view
  • Long J., Luzzatto L., Esposto E., Tonizzo F., Coggiola A., Lerda A., Turco N., Zunino N.,

Entry Personal Name

Number of records used in: 1

001 - CONTROL NUMBER

  • control field: 63725

003 - CONTROL NUMBER IDENTIFIER

  • control field:

005 - DATE AND TIME OF LATEST TRANSACTION

  • control field: 20260422120831.0

008 - FIXED-LENGTH DATA ELEMENTS

  • fixed length control field: 260422|| aca||aabn | a|a d

040 ## - CATALOGING SOURCE

  • Original cataloging agency:
  • Transcribing agency:

100 ## - HEADING--PERSONAL NAME

  • Personal name: Long J., Luzzatto L., Esposto E., Tonizzo F., Coggiola A., Lerda A., Turco N., Zunino N.,
  • Personal name: Maggia C., Mecca C., Avezzù E., De Bernardi E., Mattalia M., Simonelli A., Filippi B., Stranieri N.,
  • Personal name: Leclerc-Quintiliani H.L., Salerno M.L., Vettori D., Santona A., De Toma M.G., Caprioglio A.,
  • Personal name: Arduino F., Bolognesi G., Cornetto G., Piga L

670 ## - SOURCE DATA FOUND

  • Source citation: Work cat.: ()358699: Vitrano Francesco (et al.) 56266, Affetti e continuità a dieci anni dall'approvazione della Legge n. 173/2015, 2024
CREDITS: SOCIETA' SAN PAOLO Via A.Severo, 58 - ROMA (RM) & PERIODICI SAN PAOLO SRL Via Giotto, 36 MILANO & CISF Via Giotto, 36 MILANO & EDIZIONI SAN PAOLO SRL,  Piazza Soncino, 5 CINISELLO BALSAMO (MI) -- ITALY